Statistiques concernant Paroles - Merci les bleus - Vegedream

Cliquez ici pour prendre le quiz!

Statistiques générales

  • Ce quiz a été pris 87 fois
  • Le résultat moyen est 187 sur 314

Statistiques - réponses

Paroles% Correct
a
92%
à
92%
bleus
82%
les
82%
de
76%
la
75%
allez
72%
Allez
72%
Merci
71%
merci
71%
ça
67%
Griezmann
67%
Anto'
65%
Antoine
65%
vous,
64%
C'est
61%
c'est
61%
Upamecano
56%
Giroud,
54%
Il
54%
au
53%
en
53%
En
53%
Kolo
53%
Muani
53%
Randal
53%
terrain
53%
Vegedream
51%
Lloris
50%
On
50%
milieu
49%
oh
49%
Deschamps
47%
Konaté
47%
attaque
46%
Bien
46%
bien
46%
défense
46%
Même
46%
Pavard
46%
Tchouameni
46%
Cama'
44%
Dembelé
44%
Ky-ky
44%
personne
43%
Personne
43%
2022
42%
Bondy
42%
Didier
42%
Fofana
42%
Hernandez
42%
jamais
42%
oubliera
42%
Aréola
40%
sonné
40%
Et
39%
Koundé
39%
mafé,
39%
Oliv'
39%
Thuram
39%
Aurélien,
38%
l'année
38%
Mandanda
38%
Ousmane
38%
Rabiot
38%
révolte
38%
affûté
36%
garçon
36%
Lucas
36%
Marcus
36%
Théo
36%
ton
36%
Disasi
35%
n'a
35%
Olivier
35%
Varane
35%
Axel
33%
Eh,
33%
eh
33%
Eh
33%
niveau
33%
contrôle
32%
meilleur
32%
Mignon
32%
s'appelle
32%
Veretout
32%
buteur,
31%
dit
31%
Eduardo
31%
tour
31%
fait
29%
Gagnoa
29%
qu'il
29%
toi
29%
attiéké
28%
Coman
28%
légende,
28%
Saliba
28%
béni
26%
Guendouzi
26%
l'enfant
26%
n'impressionne
26%
trembler
26%
Mattéo
22%
Ouais
21%
Ouais,
21%
ouais
21%
Kingsley
19%
Yeah
17%
eh-hi
7%

Distribution des résultats

Percentile par nombre de réponses

% des personnes avec chaque résultat

Votre développement - résultats

Vous n’avez pas pris ce quiz